A syllabus of Pennsylvania geology and mineral resources / (Record no. 26889)
[ view plain ]
| 000 -LEADER | |
|---|---|
| fixed length control field | 01257cam a22003011 4500 |
| 001 - CONTROL NUMBER | |
| control field | gs 31000177 |
| 003 - CONTROL NUMBER IDENTIFIER | |
| control field | DLC |
| 005 - DATE AND TIME OF LATEST TRANSACTION | |
| control field | 20260227111335.0 |
| 008 - FIXED-LENGTH DATA ELEMENTS--GENERAL INFORMATION | |
| fixed length control field | 750613s1931 pauabf s000 0 eng |
| 010 ## - LIBRARY OF CONGRESS CONTROL NUMBER | |
| LC control number | gs 31000177 |
| 035 ## - SYSTEM CONTROL NUMBER | |
| System control number | (OCoLC)1391856 |
| 040 ## - CATALOGING SOURCE | |
| Original cataloging agency | DLC |
| Transcribing agency | OT |
| Modifying agency | OCoLC |
| -- | PBfG |
| -- | OCoLC |
| -- | DLC |
| 042 ## - AUTHENTICATION CODE | |
| Authentication code | premarc |
| 050 00 - LIBRARY OF CONGRESS CALL NUMBER | |
| Classification number | QE157 |
| Item number | .A83 |
| 086 0# - GOVERNMENT DOCUMENT CLASSIFICATION NUMBER | |
| Classification number | PY G345/4.3 G1 |
| Number source | padocs |
| 100 1# - MAIN ENTRY--PERSONAL NAME | |
| Personal name | Ashley, Geo. H. |
| Fuller form of name | (George Hall), |
| Dates associated with a name | 1866- |
| 245 12 - TITLE STATEMENT | |
| Title | A syllabus of Pennsylvania geology and mineral resources / |
| Statement of responsibility, etc. | by George H. Ashley. |
| 260 ## - PUBLICATION, DISTRIBUTION, ETC. | |
| Place of publication, distribution, etc. | Harrisburg : |
| Name of publisher, distributor, etc. | Department of internal affairs, Topographic and geologic survey, |
| Date of publication, distribution, etc. | 1931. |
| 300 ## - PHYSICAL DESCRIPTION | |
| Extent | 160 p. incl. ill., maps, tables, diagrs. : |
| Other physical details | II pl. (fold. col. map, fold. tab.) ; |
| Dimensions | 23 cm. |
| 490 1# - SERIES STATEMENT | |
| Series statement | Pennsylvania Geological survey, 4th (1919- ) Bulletin G1 |
| 500 ## - GENERAL NOTE | |
| General note | "Publications of the present [Pennsylvania] Geological survey": p. 147-150. |
| 500 ## - GENERAL NOTE | |
| General note | "Publications of the second Geological survey": p. 152-154. |
| 500 ## - GENERAL NOTE | |
| General note | "List of U. S. Geological survey publications on Pennsylvania": p. 155-158. |
| 650 #0 - SUBJECT ADDED ENTRY--TOPICAL TERM | |
| Topical term or geographic name entry element | Geology |
| Geographic subdivision | Pennsylvania. |
| 650 #0 - SUBJECT ADDED ENTRY--TOPICAL TERM | |
| Topical term or geographic name entry element | Mines and mineral resources |
| Geographic subdivision | Pennsylvania. |
| 650 #0 - SUBJECT ADDED ENTRY--TOPICAL TERM | |
| Topical term or geographic name entry element | Geology |
| Geographic subdivision | Pennsylvania |
| Form subdivision | Bibliography. |
| 830 #0 - SERIES ADDED ENTRY--UNIFORM TITLE | |
| Uniform title | Bulletin G ; |
| Volume/sequential designation | 1. |
No items available.